Catalog

Record Details

Catalog Search



Literatura 19. a začátku 20. století : učebnice literatury pro 2. ročník středních škol  Cover Image Book Book

Literatura 19. a začátku 20. století : učebnice literatury pro 2. ročník středních škol / [sestavili Vladimír Forst ... et al. ; ilustroval Josef Velčovský]

Record details

  • ISBN: 80-7168-110-5
  • Physical Description: 295 s. : il. ; 21 cm
  • Edition: Vyd. 1.
  • Publisher: Praha : Fortuna, 1994
Genre: čítanky
učebnice středních škol

Available copies

  • 1 of 1 copy available at Common Catalog SPOK.

Holds

  • 0 current holds with 1 total copy.
Show Only Available Copies
Location Call Number / Copy Notes Barcode Shelving Location Status Due Date
KDS Library 80 FoV 204576802901 Library Available -

LDR 01427nam a2200361 4500
00122323
003CZ-PrJAB
00520150721105505.0
007ta
008940824s1994 xr a j p 000 cze
015 . ‡acnb000087201
020 . ‡a80-7168-110-5 ‡q(brož.) : ‡cKč 49,00
035 . ‡a(CZ PrNK)np9427010
035 . ‡a(OCoLC)39603695
040 . ‡aABA001 ‡bcze
045 . ‡aw-x2
072 7. ‡a82 ‡xLiteratura. Literární život ‡2Konspekt ‡911
072 7. ‡a37.016 ‡xUčební osnovy. Vyučovací předměty. Učebnice ‡2Konspekt ‡922
080 . ‡a82.0 ‡2undef
080 . ‡a885.0 ‡2undef
24500. ‡aLiteratura 19. a začátku 20. století : ‡bučebnice literatury pro 2. ročník středních škol / ‡c[sestavili Vladimír Forst ... et al. ; ilustroval Josef Velčovský]
2463 . ‡aLiteratura XIX. a začátku XX. století
2463 . ‡aLiteratura devatenáctého a začátku dvacátého století
24630. ‡aUčebnice literatury pro 2. ročník středních škol
250 . ‡aVyd. 1.
260 . ‡aPraha : ‡bFortuna, ‡c1994 ‡e(Olomouc : ‡fMoravská tiskárna)
300 . ‡a295 s. : ‡bil. ; ‡c21 cm
6530 . ‡asvětová literatura ‡ačeská literatura
655 7. ‡ačítanky ‡7fd133984 ‡2czenas
655 7. ‡aučebnice středních škol ‡7fd133771 ‡2czenas
7001 . ‡aForst, Vladimír, ‡d1921-2010 ‡7jk01031611 ‡4com
910 . ‡aABE463
964 . ‡aLiteratura světová - stol. 19.-20., poč. - učebnice škol střed.
998 . ‡a000087201
901 . ‡a22323 ‡b ‡c22323 ‡tbiblio

Additional Resources